<?xml version="1.0" encoding="UTF-8"?>
<record
    xmlns:xsi="http://www.w3.org/2001/XMLSchema-instance"
    xsi:schemaLocation="http://www.loc.gov/MARC21/slim http://www.loc.gov/standards/marcxml/schema/MARC21slim.xsd"
    xmlns="http://www.loc.gov/MARC21/slim">

  <leader>01931cam a2200349 a 4500</leader>
  <controlfield tag="003">EG-GiCUC</controlfield>
  <controlfield tag="005">20250223030632.0</controlfield>
  <controlfield tag="008">120513s2012    ua     f m    000 0 eng d</controlfield>
  <datafield tag="040" ind1=" " ind2=" ">
    <subfield code="a">EG-GiCUC</subfield>
    <subfield code="b">eng</subfield>
    <subfield code="c">EG-GiCUC</subfield>
  </datafield>
  <datafield tag="041" ind1="0" ind2=" ">
    <subfield code="a">eng</subfield>
  </datafield>
  <datafield tag="049" ind1=" " ind2=" ">
    <subfield code="a">Deposite</subfield>
  </datafield>
  <datafield tag="097" ind1=" " ind2=" ">
    <subfield code="a">Ph.D</subfield>
  </datafield>
  <datafield tag="099" ind1=" " ind2=" ">
    <subfield code="a">Cai01.11.15.Ph.D.2012.Su.E</subfield>
  </datafield>
  <datafield tag="100" ind1="0" ind2=" ">
    <subfield code="a">Suzy Abdelaziz Abdelhamid</subfield>
  </datafield>
  <datafield tag="245" ind1="1" ind2="0">
    <subfield code="a">Early prediction of preeclampsia and intra uterine growth retardation using first trimesteric uterine artery doppler and maternal serum beta-human chronic gonadotrophin / </subfield>
    <subfield code="c">Suzy Abdelaziz Abdelhamid ; Supervised Asmaa Farid , Mohamed Hani Shehata , Eman Ali Hussein</subfield>
  </datafield>
  <datafield tag="246" ind1="1" ind2="5">
    <subfield code="a">&#x627;&#x644;&#x62A;&#x646;&#x628;&#x624; &#x627;&#x644;&#x645;&#x628;&#x643;&#x631; &#x644;&#x62D;&#x627;&#x644;&#x627;&#x62A; &#x62A;&#x633;&#x645;&#x645; &#x627;&#x644;&#x62D;&#x645;&#x644; &#x648; &#x62A;&#x623;&#x62E;&#x631; &#x627;&#x644;&#x646;&#x645;&#x648; &#x627;&#x644;&#x62C;&#x646;&#x64A;&#x646;&#x64A; &#x639;&#x646; &#x637;&#x631;&#x64A;&#x642; &#x642;&#x64A;&#x627;&#x633; &#x646;&#x633;&#x628;&#x629; &#x647;&#x648;&#x631;&#x645;&#x648;&#x646; &#x627;&#x644;&#x62D;&#x645;&#x644; &#x648; &#x62F;&#x648;&#x628;&#x644;&#x631; &#x627;&#x644;&#x634;&#x631;&#x64A;&#x627;&#x646; &#x627;&#x644;&#x631;&#x62D;&#x645;&#x64A; &#x641;&#x649; &#x627;&#x644;&#x62B;&#x644;&#x627;&#x62B; &#x634;&#x647;&#x648;&#x631; &#x627;&#x644;&#x623;&#x648;&#x644;&#x649; &#x645;&#x646; &#x627;&#x644;&#x62D;&#x645;&#x644;</subfield>
  </datafield>
  <datafield tag="260" ind1=" " ind2=" ">
    <subfield code="a">Cairo : </subfield>
    <subfield code="b">Suzy Abdelaziz Abdelhamid , </subfield>
    <subfield code="c">2012</subfield>
  </datafield>
  <datafield tag="300" ind1=" " ind2=" ">
    <subfield code="a">152 P. ; </subfield>
    <subfield code="c">25cm</subfield>
  </datafield>
  <datafield tag="502" ind1=" " ind2=" ">
    <subfield code="a">Thesis (Ph.D.) - Cairo University - Faculty of Medicine - Department of Gynecology and Obstetrics</subfield>
  </datafield>
  <datafield tag="520" ind1=" " ind2=" ">
    <subfield code="a">Hypertensive disorders during pregnancy constitute a serious health problem and are associated with increased risk of maternal-perinatal adverse outcome. One main goal of prenatal care is to improve the outcome of pregnancy in terms of perinatal morbidity and mortality by identifying women at risk of complications of uteroplacental insufficiency; preeclampsia and IUGR</subfield>
  </datafield>
  <datafield tag="530" ind1=" " ind2=" ">
    <subfield code="a">Issued also as CD</subfield>
  </datafield>
  <datafield tag="653" ind1=" " ind2="4">
    <subfield code="a">Human choronic gonadotrophin</subfield>
  </datafield>
  <datafield tag="653" ind1=" " ind2="4">
    <subfield code="a">Preeclampsia and IUGR</subfield>
  </datafield>
  <datafield tag="653" ind1=" " ind2="4">
    <subfield code="a">Uterine Artery doppler</subfield>
  </datafield>
  <datafield tag="700" ind1="0" ind2=" ">
    <subfield code="a">Asmaa Farid Abaasy , </subfield>
    <subfield code="e">Supervisor</subfield>
  </datafield>
  <datafield tag="700" ind1="0" ind2=" ">
    <subfield code="a">Eman Ali Hussein , </subfield>
    <subfield code="e">Supervisor</subfield>
  </datafield>
  <datafield tag="700" ind1="0" ind2=" ">
    <subfield code="a">Mohamed Hani Shehata , </subfield>
    <subfield code="e">Supervisor</subfield>
  </datafield>
  <datafield tag="856" ind1=" " ind2=" ">
    <subfield code="u">http://172.23.153.220/th.pdf</subfield>
  </datafield>
  <datafield tag="905" ind1=" " ind2=" ">
    <subfield code="a">Nazla</subfield>
    <subfield code="e">Revisor</subfield>
  </datafield>
  <datafield tag="905" ind1=" " ind2=" ">
    <subfield code="a">Samia</subfield>
    <subfield code="e">Cataloger</subfield>
  </datafield>
  <datafield tag="942" ind1=" " ind2=" ">
    <subfield code="2">ddc</subfield>
    <subfield code="c">TH</subfield>
  </datafield>
  <datafield tag="999" ind1=" " ind2=" ">
    <subfield code="c">38841</subfield>
    <subfield code="d">38841</subfield>
  </datafield>
  <datafield tag="952" ind1=" " ind2=" ">
    <subfield code="2">ddc</subfield>
    <subfield code="7">0</subfield>
    <subfield code="a">CUCL</subfield>
    <subfield code="b">cl210</subfield>
    <subfield code="d">2024-02-11</subfield>
    <subfield code="o">Cai01.11.15.Ph.D.2012.Su.E</subfield>
    <subfield code="p">01010110057951000</subfield>
    <subfield code="r">2023-09-22 00:00:00</subfield>
    <subfield code="y">TH</subfield>
  </datafield>
  <datafield tag="952" ind1=" " ind2=" ">
    <subfield code="2">ddc</subfield>
    <subfield code="7">0</subfield>
    <subfield code="a">CUCL</subfield>
    <subfield code="b">cl2u8</subfield>
    <subfield code="d">2024-02-11</subfield>
    <subfield code="o">Cai01.11.15.Ph.D.2012.Su.E</subfield>
    <subfield code="p">01020110057951000</subfield>
    <subfield code="r">2023-09-22 00:00:00</subfield>
    <subfield code="t">57951.CD</subfield>
    <subfield code="y">CD</subfield>
  </datafield>
</record>
